000 00188 a2200097 4500
020 _a9780061478192
041 _aeng
100 _aMercer Mayer
245 _aJust a Teachers Pet
942 _cK
999 _c27778
_d27778